| 000 | 00444nam a22001697a 4500 | ||
|---|---|---|---|
| 999 |
_c12072 _d12072 |
||
| 008 | 220512b 2014 ||||| |||| 00| 0 eng d | ||
| 020 | _a9788126552566 | ||
| 082 |
_a530 _bWAL |
||
| 100 | _aWalker, Jearl | ||
| 245 | _aPrinciples of physics | ||
| 250 | _a10th | ||
| 260 |
_aNew Delhi _bWiley India Pvt. Ltd. _c2014 |
||
| 300 | _axix, 1244p. | ||
| 700 |
_aHalliday, David _eCo-author |
||
| 700 |
_aResnick, robert _eCo-author |
||
| 942 | _cGB | ||